000 00783nam a22002657a 4500
001 23713
003 UA-OsUOA
005 20230914154535.0
007 ta
008 20040128b un ||||| |||| 00| 0 ukr d
020 _a5244008714
040 _aUA-OsUOA
_brus
_cUA-OsUOA
_dUA-OsUOA
041 _arus
044 _aRU
080 _a32.019.5
090 _a32.019.5
_bА72
245 _aАнтология мировой политической мысли
_cотв. ред. И. Г. Усачев
260 _aМосква
_bМысль
_c1997
300 _a768 с.
505 _gТ. V
_tПолитические документы
650 7 _a32 Політика
_2UDC
942 _cBK
_2udc
955 _a1
999 _c309969
_d309969